书目信息 |
| 题名: |
校园逻辑
|
|
| 作者: | 韦世林 著 | |
| 分册: | ||
| 出版信息: | 北京 北京大学出版社 2006 |
|
| 页数: | 158页 | |
| 开本: | 23cm | |
| 丛书名: | 逻辑时空丛书 | |
| 单 册: | ||
| 中图分类: | B81-49 , B81 | |
| 科图分类: | ||
| 主题词: | 逻辑--通俗读物 , 逻辑 , DISPLAY逻辑 | |
| 电子资源: | ||
| ISBN: | 7-301-10861-3 | |
| 000 | 00959oam2 2200289 450 | |
| 001 | 0930170969 | |
| 005 | 20090928082419.64 | |
| 010 | @a7-301-10861-3@dCNY22.00 | |
| 100 | @a20060426d2006 em y0chiy50 ea | |
| 101 | 0 | @achi |
| 102 | @aCN@b110000 | |
| 105 | @ay z 000yy | |
| 106 | @ar | |
| 200 | 1 | @a校园逻辑@f韦世林著@Axiao yuan luo ji |
| 210 | @a北京@c北京大学出版社@d2006 | |
| 215 | @a158页@d23cm | |
| 225 | 2 | @a逻辑时空丛书 |
| 330 | @a全书分为三篇,第一篇主要是求解“逻辑课程教与学”方面提出的问题,第二篇主要是求解“如何运用逻辑的理性思维提高表达的严密性、论证性”,第三篇主要是求解“如何运用逻辑来提高思维的预见性、敏捷性、识别性”。 | |
| 461 | 0 | @1001002970704 |
| 606 | 0 | @a逻辑@j通俗读物 |
| 606 | 0 | @a逻辑 |
| 606 | 0 | @aDISPLAY逻辑 |
| 690 | @aB81-49@v4 | |
| 690 | @aB81@v4 | |
| 701 | 0 | @a韦世林@c(女,@f1948~)@4著@Awei shi lin |
| 801 | 0 | @aCN@b大连网信软件有限公司图书馆·11@c20090928 |
| 905 | @a10447@dB81@eJY47 | |
| 校园逻辑/韦世林著.-北京:北京大学出版社,2006 |
| 158页;23cm .-(逻辑时空丛书 ) |
| ISBN 7-301-10861-3:CNY22.00 |
| 全书分为三篇,第一篇主要是求解“逻辑课程教与学”方面提出的问题,第二篇主要是求解“如何运用逻辑的理性思维提高表达的严密性、论证性”,第三篇主要是求解“如何运用逻辑来提高思维的预见性、敏捷性、识别性”。 |
| ● |
| 相关链接 |
|
|
|
|
正题名:校园逻辑
索取号:B81/JY47
 
预约/预借
| 序号 | 登录号 | 条形码 | 馆藏地/架位号 | 状态 | 备注 |
| 1 | 7804830 | 278048300 | 学院路分馆/ [索取号:B81/JY47] | 在馆 | |
| 2 | 7804831 | 278048319 | 学院路分馆/ [索取号:B81/JY47] | 在馆 |